000 00671cam a22002173a 4500
001 44362
003 PGUSA
005 20140828084019.0
008 131205s2013||||xxu|||||s|||||000 | eng d
040 _aPGUSA
_beng
042 _adc
100 1 _aStrang, Herbert
245 1 4 _aThe Adventures of Harry Rochester :
_bA Tale of the Days of Marlborough and Eugene
_h[electronic resource] /
_cHerbert Strang
260 _bProject Gutenberg,
_c2013
506 _aPublic domain in the USA.
516 _aElectronic text
700 1 _aRainey, W.
_q(William),
_d1852-1936
830 0 _aProject Gutenberg
_v44362
856 4 0 _uhttp://www.gutenberg.org/ebooks/44362
942 _cEB
999 _c273613
_d273613